Catalog

Record Details

Catalog Search



Vyznat se v dětech  Cover Image Book Book

Vyznat se v dětech / Zdeněk Helus ; [ilustroval Rudolf Štorkán]

Record details

  • Physical Description: 206 s. : il. ; 20 cm
  • Edition: 1. vyd.
  • Publisher: Praha : Státní pedagogické nakladatelství, 1984

Content descriptions

General Note:
5000 výt.
Genre: příručky

Available copies

  • 3 of 3 copies available at Common Catalog SPOK.

Holds

  • 0 current holds with 3 total copies.
Show Only Available Copies
Location Call Number / Copy Notes Barcode Shelving Location Status Due Date
Jabok Library Ped-7.2.1 424480011849 Odborná literatura Available -
Jabok Library Ped-7.2.1 424480012461 Odborná literatura Available -
KDS Library 37 HeZ 204576803804 Library Available -

LDR 01177nam a2200337 4500
00114592
003CZ-PrJAB
00520220621153241.0
007ta
008850212s1984 xr a 000 | cze
015 . ‡acnb000024344
020 . ‡q(Brož.) : ‡cKčs 14,50
035 . ‡a(CZ PrNK)ck8500301
035 . ‡a(OCoLC)39576702
040 . ‡aABA001 ‡bcze ‡dABA001
080 . ‡a159.922.7 ‡2undef
080 . ‡a37.018.1 ‡2undef
1001 . ‡aHelus, Zdeněk, ‡d1935-2016 ‡7jk01040701 ‡4aut
24510. ‡aVyznat se v dětech / ‡cZdeněk Helus ; [ilustroval Rudolf Štorkán]
250 . ‡a1. vyd.
260 . ‡aPraha : ‡bStátní pedagogické nakladatelství, ‡c1984 ‡e(Čes. Budějovice : ‡fJČT)
300 . ‡a206 s. : ‡bil. ; ‡c20 cm
4901 . ‡aKnihy pro rodiče
500 . ‡a5000 výt.
655 7. ‡apříručky ‡7fd133209 ‡2czenas
7001 . ‡aŠtorkán, Rudolf, ‡d1946- ‡7jo2002106582 ‡4ill
830 0. ‡aKnihy pro rodiče (Státní pedagogické nakladatelství)
910 . ‡aABG312
910 . ‡aABE463
995 . ‡aska
964 . ‡aDěti - výchova rodinná - psychologie - příručky
901 . ‡a14592 ‡bUnknown ‡c14592 ‡tbiblio

Additional Resources